000 00356nam a2200133Ia 4500
008 240624s9999 xx 000 0 und d
041 _aeng
082 _a303.3 SRE
100 _aSREEDHARAN E
245 _aRESTORING VALUES KEYS TO INTEGRITY ETHIC
260 _c2010
_aNew Delhi
_bSage Publications
300 _axx, : 205 : p. : cm. ; 22
365 _cRS
_b34
999 _c15671
_d15671